LEADER 01067nam0-2200385---450- 001 990000813670203316 005 20050629125357.0 010 $a88-383-1129-3 035 $a0081367 035 $aUSA010081367 035 $a(ALEPH)000081367USA01 035 $a0081367 100 $a20011220d1990----km-y0ITAy01------ba 101 $aita 102 $aIT 105 $a||||||||001yy 200 1 $aMi rai$ein Giappone il futuro ha un cuore antico$fAntonio Marazzi 210 $aFirenze$cSansoni$d1990 215 $a234 p.$d23 cm 225 2 $aSaggi 410 1$12001$aSaggi 606 0 $aGiapponesi$xCultura 676 $a306.0952 700 1$aMARAZZI,$bAntonio$034685 801 0$aIT$bsalbc$gISBD 912 $a990000813670203316 951 $aIII.2. 509(XV A COLL 50/1)$b99596 L.M.$cXV A COLL 959 $aBK 969 $aUMA 979 $aPATTY$b90$c20011220$lUSA01$h1051 979 $c20020403$lUSA01$h1727 979 $aPATRY$b90$c20040406$lUSA01$h1656 979 $aCOPAT1$b90$c20050629$lUSA01$h1253 996 $aMi Rai$9325778 997 $aUNISA LEADER 00823nam0-22003011i-450 001 990001797660403321 005 20201202093152.0 010 $a88-7226-317-4 035 $a000179766 035 $aFED01000179766 035 $a(Aleph)000179766FED01 035 $a000179766 100 $a20021010d1996----km-y0itay50------ba 101 0 $aita 200 1 $a<>fiore degli dei$el' orchidea dal mito alla storia$fLuigi Berliocchi. 210 $aRoma$cStampa alternativa$d1996 215 $a198 p.$d26 cm 610 0 $aOrchidaceae 676 $a635.934 15 700 1$aBerliocchi,$bLuigi$078839 801 0$aIT$bUNINA$gRICA$2UNIMARC 901 $aBK 912 $a990001797660403321 952 $a60 635.93415 B 3$b5771$fFAGBC 959 $aFAGBC 996 $aFiore degli dei$9410712 997 $aUNINA DB $aING01 LEADER 03736nam0 2200745 i 450 001 VIA0080218 005 20251003044440.0 010 $a8870786137 010 $a9788870786132 020 $aIT$b2000-12956 100 $a20000201d2000 ||||0itac50 ba 101 | $aita 102 $ait 181 1$6z01$ai $bxxxe 182 1$6z01$an 183 1$6z01$anc$2RDAcarrier 200 1 $aˆLa ‰testa ben fatta$eriforma dell'insegnamento e riforma del pensiero$fEdgar Morin 210 $aMilano$cR. Cortina$d2000 215 $aVI, 138 p.$d20 cm 225 | $aMinima$v50 300 $aTrad. di Susanna Lazzari. 410 0$1001RAV0143807$12001 $aMinima$v50 500 10$aˆLa ‰tête bien faite.$3VIA0080219$9CFIV000021$914320 606 $aEducazione$xTeorie$2FIR$3CFIC000428$9E 606 $aPedagogia$2FIR$3CFIC000487$9E 606 $aInsegnamento$2FIR$3RAVC021708$9E 606 $aEducazione$xAspetti sociali$2FIR$3SBLC004761$9E 606 $aEducazione$xTeorie$2FIR$3CFIC000428$9E 606 $aEducazione$xTeorie$2FIR$3CFIC000428$9E 676 $a306.43$9CULTURA E ISTITUZIONI. EDUCAZIONE$v21 676 $a370$9EDUCAZIONE$v14 676 $a370.1$9EDUCAZIONE. FILOSOFIA, TEORIA, GENERALITA$v12 676 $a370.1$9EDUCAZIONE. FILOSOFIA, TEORIA, GENERALITA. Filosofia e teoria$v14 676 $a370.1$9EDUCAZIONE. FILOSOFIA, TEORIA, GENERALITA$v20 676 $a370.1$9EDUCAZIONE. FILOSOFIA E TEORIA, PER SPECIFICI OBBIETTIVI, PSICOLOGIA EDUCATIVA$v21 676 $a370.19$9$v14 676 $a370.193$9RELAZIONE TRA SCUOLA E SOCIETA$v19 676 $a371.00945$9SCUOLE E LORO ATTIVITA; EDUCAZIONE SPECIALE. Italia$v21 676 $a371.1$9INSEGNANTI E DIDATTICA, ATTIVITA' CONNESSE$v14 686 $a536.7$cSCUOLA EDUCAZIONE 1989-2001$2R 686 $aX09.3$cSOCIOLOGIA ANTROPOLOGIA PSICOLOGIA$2R 686 $aX09.6$cFILOSOFIA$2R 696 $aScienze dell'educazione$aScienze pedagogiche$aPensiero pedagogico 699 $aPedagogia$yScienze dell'educazione 699 $aPedagogia$yScienze pedagogiche 699 $aPedagogia$yPensiero pedagogico 700 1$aMorin$b, Edgar$3CFIV000021$4070$038178 790 1$aNahoum$b, Edgar$3CFIV228721$zMorin, Edgar 801 3$aIT$bIT-000000$c20000201 850 $aIT-BN0095 $aIT-NA0614 $aIT-SA0249 $aIT-NA0045 $aIT-NA0299 $aIT-AV0004 $aIT-NA0261 $aIT-NA0599 $aIT-NA0812 $aIT-NA0792 $aIT-NA0832 901 $bNAP JS$cBIBLIOTECA$n$ 901 $bNAP IM$cF.C. $nVi sono collocate opere di saggistica e narrativa 901 $bNAP 16$cBIBLIOTECA$nComprende materiale librario e multimediale di vario argomento 901 $bNAP VA$cGENERALE $n$ 901 $bNAP 75$cSCOLASTICI$n$ 901 $bNAP DV$cS. MODERNA$n$ 901 $bNAP 01$cPOZZO LIB.$nVi sono collocati fondi di economia, periodici di ingegneria e scienze, periodici di economia e statistica e altri fondi comprendenti documenti di economia pervenuti in dono. 901 $bNAP TL$cARMADIO 13$nComprende opere di narrativa, saggi, enciclopedie, testi di didattica. 901 $bNAP AG$cI $n$ 901 $bNAP FT$cSOC. $n$ 912 $aVIA0080218 950 0$aBiblioteca Centralizzata di Ateneo$c1 v. in due copie$d 01POZZO LIB.ECON MON 5110$e 0101 0000292355E VMA (bis 1 v. (2. copia)$fB $h20210331$i20210331$c1 v. in due copie$d 01POZZO LIB.ECON MON 5110$e 0101 0000292365E VMA 1 v.$fB $h20210331$i20210331 977 $a 01$a 16$a 75$a AB$a AG$a DV$a FT$a IM$a JS$a TL$a VA 996 $aTête bien faite$914320 997 $aUNISANNIO